| 000 | 00645cam a22002291 4500 | ||
|---|---|---|---|
| 001 | he 68002249 | ||
| 003 | DLC | ||
| 005 | 20260227111501.0 | ||
| 008 | 940322s1966 is a 000 0 heb | ||
| 010 | _ahe 68002249 | ||
| 025 | _aPL480:Is-6233 | ||
| 035 | _a(OCoLC)29998061 | ||
| 040 |
_aDLC _cTxU _dDLC |
||
| 042 | _apremarc | ||
| 050 | 0 | 0 |
_aPZ90.H3 _bV3 |
| 100 | 1 | _aṾardi, Zeʼev. | |
| 245 | 1 | 0 |
_aMaḥazot ve-hamḥazat sipure ʻam _c[me-et] Zeʼev Vardi. |
| 260 |
_aTel-Aviv, _bSeminar ha-hikutsim, ha-Mʻabadah ha-pedagogit, _c727 [1966 or 7] |
||
| 300 |
_a22 l. _billus. _c26 cm. |
||
| 500 | _aCover title. | ||
| 500 | _aVocalized. | ||
| 999 |
_c33536 _d33536 |
||